000 01020cam a2200241 i 4500
003 SA-RiAUC
005 20250909113626.0
008 250908s1986 jo g 00010bara c
040 _aSA-AhKFU
_bara
_cSA-RiAUC
_erda
082 0 4 _a924.1
090 _a924.1
_bس ا ر
100 1 _aالساريسي، عمر عبد الرحمن،
_d1938-2013
_eمؤلف.
245 1 0 _aالراغب الأصفهاني وجهوده في اللغة العربية /
_cتأليف عمر عبد الرحمن الساريسي.
264 1 _aعمان، الأردن :
_bمكتبة الأقصى،
_c1986
300 _a298 صفحة؛
_c24 سم.
336 _aنص
_btxt
_2rdacontent
_3كتاب
337 _aبدون وسيط
_bn
_2rdamedia
338 _aمجلد
_bnc
_2rdacarrier
600 1 7 _aالراغب الأصفهاني، الحسين بن محمد بن المفضل،
_dتوفي 502 هجري
_2aucnm
650 1 7 _aاللغويون العرب
_vتراجم
_2aucsh
942 _2ddc
_cBOOK
_n0
949 _aSA-JeALM
_d250908
_umohamedma123
_n1
999 _c11533
_d11533